[Event "EIRCC 2019"]
[Site "Tallinn"]
[Date "2019.12.06"]
[Round "11.27"]
[White "Kukk, Sander"]
[Black "Babula, Vlastimil"]
[Result "0-1"]
[WhiteElo "2313"]
[BlackElo "2559"]
[Annotator "ChessBase"]
[PlyCount "106"]
[EventDate "2019.12.05"]
[EventType "swiss"]
[EventCountry "EST"]
[SourceTitle "playchess.com"]
[Source "ChessBase"]
[SourceQuality "1"]
[TimeControl "900+10"]

1. b3 {[%emt 0:00:00]} e5 {[%emt 0:00:00]} 2. Bb2 {[%emt 0:00:00]} Nc6 {[%emt 0:00:00]} 3. e3 {[%emt 0:00:00]} Nf6 {[%emt 0:00:17]} 4. Bb5 {[%emt 0:00:04]} Bd6 {[%emt 0:00:15]} 5. Na3 {[%emt 0:00:04]} a6 {[%emt 0:00:52]} 6. Bxc6 {[%emt 0:00:29]} dxc6 {[%emt 0:00:03]} 7. Nc4 {[%emt 0:00:02]} Qe7 {[%emt 0:00:07]} 8. Nxd6+ {[%emt 0:00:02]} cxd6 {[%emt 0:00:04]} 9. h3 {[%emt 0:00:02]} c5 {[%emt 0:00:32]} 10. d3 {[%emt 0:00:12]} b5 {[%emt 0:00:38]} 11. Nf3 {[%emt 0:01:00]} Bb7 {[%emt 0:01:24]} 12. O-O {[%emt 0:00:35]} O-O {[%emt 0:00:08]} 13. e4 {[%emt 0:02:22]} Ne8 {[%emt 0:00:09]} 14. Nh2 {[%emt 0:00:26]} f5 {[%emt 0:00:08]} 15. f3 {[%emt 0:00:02]} Nc7 {[%emt 0:00:22]} 16. c4 {[%emt 0:00:41]} Ne6 {[%emt 0:00:15]} 17. Bc1 {[%emt 0:00:02]} Bc6 {[%emt 0:00:39]} 18. Be3 {[%emt 0:00:02]} a5 {[%emt 0:00:04]} 19. Qc2 {[%emt 0:00:07]} g6 {[%emt 0:00:48]} 20. Rab1 {[%emt 0:01:16]} b4 {[%emt 0:01:56]} 21. a3 {[%emt 0:01:12]} bxa3 {[%emt 0:00:44]} 22. Ra1 {[%emt 0:00:01]} a4 {[%emt 0:00:06]} 23. Rxa3 {[%emt 0:00:11]} axb3 {[%emt 0:00:07]} 24. Qxb3 {[%emt 0:00:02]} Rxa3 {[%emt 0:01:03]} 25. Qxa3 {[%emt 0:00:01]} Ra8 {[%emt 0:00:05]} 26. Qb2 {[%emt 0:00:02]} Qa7 {[%emt 0:01:00]} 27. Rb1 {[%emt 0:00:01]} Kf7 {[%emt 0:01:38]} 28. Nf1 {[%emt 0:00:07]} Ke7 {[%emt 0:00:17]} 29. Qf2 {[%emt 0:00:18]} f4 {[%emt 0:00:38]} 30. Qh4+ {[%emt 0:00:15]} Ke8 {[%emt 0:00:05]} 31. Bf2 {[%emt 0:00:15]} Qe7 {[%emt 0:00:07]} 32. Qh6 {[%emt 0:00:10]} Kd7 {[%emt 0:00:22]} 33. Nd2 {[%emt 0:02:16]} Qg7 {[%emt 0:00:43]} 34. Qxg7+ {[%emt 0:00:55]} Nxg7 {[%emt 0:00:03]} 35. Kf1 {[%emt 0:00:01]} Ne6 {[%emt 0:00:18]} 36. Ke2 {[%emt 0:00:04]} Kc7 {[%emt 0:00:12]} 37. Rb2 {[%emt 0:00:13]} Ra1 {[%emt 0:00:32]} 38. Nb1 {[%emt 0:00:01]} Nd4+ {[%emt 0:00:17]} 39. Bxd4 {[%emt 0:00:29]} cxd4 {[%emt 0:00:17]} 40. Kf2 {[%emt 0:00:44]} Ba4 {[%emt 0:00:24]} 41. Ke2 {[%emt 0:00:20]} g5 {[%emt 0:00:06]} 42. Nd2 {[%emt 0:01:05]} Bd1+ {[%emt 0:00:29]} 43. Kf2 {[%emt 0:00:01]} Rc1 {[%emt 0:00:13]} 44. Ra2 {[%emt 0:01:15]} Kb7 {[%emt 0:00:06]} 45. Rb2+ {[%emt 0:00:02]} Kc6 {[%emt 0:00:18]} 46. c5 {[%emt 0:01:48]} Kxc5 {[%emt 0:00:39]} 47. Rb7 {[%emt 0:01:15]} Rc3 {[%emt 0:00:05]} 48. Ke1 {[%emt 0:00:42]} Bc2 {[%emt 0:00:04]} 49. Rxh7 {[%emt 0:00:05]} Bxd3 {[%emt 0:00:07]} 50. Rc7+ {[%emt 0:00:34]} Kb6 {[%emt 0:00:37]} 51. Rd7 {[%emt 0:00:22]} Rc1+ {[%emt 0:00:11]} 52. Kf2 {[%emt 0:00:01]} Rd1 {[%emt 0:00:08]} 53. Nb3 {[%emt 0:00:02]} Rf1# 0-1

[Event "EIRCC 2019"]
[Site "Tallinn"]
[Date "2019.12.06"]
[Round "11.28"]
[White "Shvyrjov, Igor"]
[Black "Hjartarson, Johann"]
[Result "1/2-1/2"]
[WhiteElo "2296"]
[BlackElo "2534"]
[Annotator "TA"]
[PlyCount "110"]
[EventDate "2019.12.05"]
[EventType "swiss"]
[EventCountry "EST"]
[SourceTitle "playchess.com"]
[Source "ChessBase"]
[SourceQuality "1"]

{[%evp 9,110,17,44,-12,0,-32,-22,-33,-31,-40,-14,-17,0,0,0,4,41,34,34,25,33,33,33,37,39,37,101,101,91,93,97,71,104,16,22,0,0,0,58,47,58,61,69,0,21,0,62,52,84,21,24,3,16,15,11,-79,-79,-98,-102,-102,-56,-56,0,0,0,-429,-401,-424,-410,-480,-466,-457,-449,-442,-264,-264,-254,-264,-264,-264,-264,-264,-264,-264,-254,-235,-227,-187,-8,-166,-167,-598,-591,-591,-8,-324,-317,-668,-614,-29979,-29980,-29985,-29986]} 1. d4 f5 2. Nc3 Nf6 3. Bg5 d5 4. e3 e6 5. Nf3 Nbd7 (5... a6 6. Ne5 c5 7. g4 cxd4 8. exd4 Qb6 9. Na4 Qa5+ 10. c3 fxg4 11. Bxf6 gxf6 12. Nxg4 Nd7 13. Ne3 {0-1 (49) Akobian,V (2625)-Caruana,F (2828) Saint Louis 2019}) 6. Ne5 {A80: Dutch Defence: Unusual White second moves} (6. Ne2 $14) 6... Be7 7. Nxd7 (7. Be2 {is interesting.} O-O 8. f4 h6 9. Bxf6 Nxf6 10. O-O) 7... Bxd7 8. Be2 {The position is equal.} O-O 9. O-O a6 $146 ({Predecessor:} 9... c6 10. Bxf6 Bxf6 11. f4 b5 {½-½ (28) Jablonski,M (2048)-Martinek,T (1868) Poland 2008}) 10. Nb1 {[%cal Bc3b1,Bb1d2,Bd2f3,Bf3e5][%mdl 32]} Bb5 11. Nd2 Bxe2 12. Qxe2 b5 13. a4 Qd7 14. axb5 axb5 15. Nf3 $36 {[%mdl 2048] White is more active.} c6 16. Ne5 Qb7 17. Nd3 Ne4 (17... Ra4 $14) 18. Bxe7 $16 Qxe7 19. f3 Nd6 20. b3 Nf7 21. f4 (21. Qe1 $16) 21... Nd6 $11 22. Nc5 g6 23. h3 Kf7 (23... Rfc8 $11) 24. Nd3 $14 Qb7 25. Kh2 Ne4 26. c4 (26. Rfc1 $14) 26... b4 27. Rfc1 Kg7 (27... Ra3 $1 $11) 28. Rxa8 Rxa8 29. cxd5 (29. Qe1 $1 $16) 29... cxd5 30. Qc2 Ra7 31. Nc5 Qc6 32. Nxe4 (32. Qb2 $11 Qb6 33. Nxe4 fxe4 34. Qf2) 32... Qxc2 $17 33. Rxc2 fxe4 $11 {[%mdl 4096] Endgame KR-KR} 34. g4 Kf6 35. Kg3 h6 (35... Ke7 $1 $15) 36. h4 h5 37. Rc8 $2 {[%mdl 8192]} (37. f5 $11 {and White has nothing to worry.} hxg4 38. fxg6 Kxg6 39. Kxg4) 37... hxg4 $19 38. Rf8+ Ke7 39. Rb8 Ra2 40. Rxb4 {and the idea Rb7+ leaves White hopeful.} Re2 41. Kxg4 Kf6 (41... Rxe3 $142 42. Rb7+ Kf6) 42. Rb8 Rxe3 43. b4 Rd3 44. b5 Rxd4 45. b6 Rb4 46. b7 {[#] Strongly threatening Rf8+.} Kg7 $1 47. Re8 Rxb7 48. Rxe6 {[#]} Kf7 $2 (48... Rb1 $1 $19 {White must now prevent ...Re1.} 49. Re5 Rg1+ 50. Kh3 Rd1) 49. Rd6 $2 (49. Re5 $1 $11 {and White is okay.}) 49... Rb5 50. f5 $2 (50. Kg3 {was the crucial defense.}) 50... gxf5+ 51. Kxf5 Ke7 $2 (51... e3 $19 {And now ...d4+ would win.} 52. Rf6+ Ke7 53. Re6+ Kd7) 52. Re6+ $2 {[%mdl 8192]} (52. Rg6 $1 $11) 52... Kd7 {...d4+ is the strong threat.} 53. Kf6 $2 (53. Ra6 e3 54. Ra1) 53... Rb1 {Hoping for ...Rf1+.} 54. Ke5 {intending Rd6+.} e3 55. Kxd5 Rb5+ {[%mdl 32768] Accuracy: White = 41%, Black = 42%. . An unexpected result.} 1/2-1/2

[Event "EIRCC 2019"]
[Site "Tallinn"]
[Date "2019.12.06"]
[Round "11.29"]
[White "Stocek, Jiri"]
[Black "Kiik, Kalle"]
[Result "1-0"]
[WhiteElo "2532"]
[BlackElo "2295"]
[Annotator "ChessBase"]
[PlyCount "93"]
[EventDate "2019.12.05"]
[EventType "swiss"]
[EventCountry "EST"]
[SourceTitle "playchess.com"]
[Source "ChessBase"]
[SourceQuality "1"]
[TimeControl "900+10"]

1. d4 {[%emt 0:00:00]} d5 {[%emt 0:00:00]} 2. Nf3 {[%emt 0:00:00]} c5 {[%emt 0:00:00]} 3. c4 {[%emt 0:00:57]} e6 {[%emt 0:00:00]} 4. cxd5 {[%emt 0:00:03]} exd5 {[%emt 0:00:00]} 5. Bg5 {[%emt 0:00:03]} Be7 {[%emt 0:00:04]} 6. Bxe7 {[%emt 0:00:12]} Nxe7 {[%emt 0:00:03]} 7. dxc5 {[%emt 0:00:04]} Qa5+ {[%emt 0:00:02]} 8. Nbd2 {[%emt 0:00:14]} Nbc6 {[%emt 0:00:20]} 9. e3 {[%emt 0:00:30]} Qxc5 {[%emt 0:00:12]} 10. Be2 {[%emt 0:01:48]} O-O {[%emt 0:00:19]} 11. O-O {[%emt 0:00:04]} Bf5 {[%emt 0:00:04]} 12. a3 {[%emt 0:00:22]} Rad8 {[%emt 0:00:48]} 13. Rc1 {[%emt 0:02:19]} Qd6 {[%emt 0:00:43]} 14. Nb3 {[%emt 0:00:10]} Rfe8 {[%emt 0:00:55]} 15. Nfd4 {[%emt 0:00:14]} Bc8 {[%emt 0:00:20]} 16. Bb5 {[%emt 0:00:19]} Qg6 {[%emt 0:00:30]} 17. Qc2 {[%emt 0:00:37]} Qg5 {[%emt 0:01:01]} 18. Rfe1 {[%emt 0:02:06]} Rd6 {[%emt 0:00:22]} 19. f4 {[%emt 0:00:48]} Qh5 {[%emt 0:00:47]} 20. Be2 {[%emt 0:01:17]} Qh6 {[%emt 0:01:42]} 21. Bf3 {[%emt 0:00:41]} Kf8 {[%emt 0:01:10]} 22. Rcd1 {[%emt 0:01:00]} Red8 {[%emt 0:00:55]} 23. Nxc6 {[%emt 0:00:42]} bxc6 {[%emt 0:02:28]} 24. Nd4 {[%emt 0:00:03]} g5 {[%emt 0:00:36]} 25. g3 {[%emt 0:00:48]} g4 {[%emt 0:00:31]} 26. Bg2 {[%emt 0:00:04]} Qh5 {[%emt 0:00:32]} 27. Rd2 {[%emt 0:00:38]} Rh6 {[%emt 0:00:11]} 28. Bf1 {[%emt 0:00:08]} Bf5 {[%emt 0:00:32]} 29. Qc5 {[%emt 0:00:12]} Be4 {[%emt 0:00:34]} 30. Qxa7 {[%emt 0:00:24]} Rhd6 {[%emt 0:01:31]} 31. Qc5 {[%emt 0:00:11]} Qg6 {[%emt 0:00:02]} 32. a4 {[%emt 0:00:24]} h5 {[%emt 0:00:02]} 33. a5 {[%emt 0:00:02]} h4 {[%emt 0:00:02]} 34. a6 {[%emt 0:00:11]} Qh5 {[%emt 0:00:21]} 35. Bg2 {[%emt 0:00:45]} Bf3 {[%emt 0:01:33]} 36. Rf1 {[%emt 0:01:12]} hxg3 {[%emt 0:00:42]} 37. hxg3 {[%emt 0:00:13]} Rh6 {[%emt 0:00:13]} 38. Nxf3 {[%emt 0:00:17]} gxf3 {[%emt 0:00:04]} 39. Bxf3 {[%emt 0:00:03]} Qg6 {[%emt 0:00:15]} 40. g4 {[%emt 0:00:22]} Ke8 {[%emt 0:00:05]} 41. a7 {[%emt 0:00:10]} Kd7 {[%emt 0:00:28]} 42. Qb6 {[%emt 0:00:14]} Rhh8 {[%emt 0:00:13]} 43. Qb7+ {[%emt 0:00:02]} Kd6 {[%emt 0:00:05]} 44. Rc1 {[%emt 0:00:11]} Rc8 {[%emt 0:00:39]} 45. a8=Q {[%emt 0:00:16]} Rxa8 {[%emt 0:00:10]} 46. Rxc6+ {[%emt 0:00:03]} Nxc6 {[%emt 0:00:02]} 47. Rxd5+ {[%emt 0:00:02] Kxd5} 1-0

[Event "EIRCC 2019"]
[Site "Tallinn"]
[Date "2019.12.06"]
[Round "11.30"]
[White "Kononenko, Dmitry"]
[Black "Pershin, Denis"]
[Result "0-1"]
[WhiteElo "2277"]
[BlackElo "2509"]
[Annotator "TA"]
[PlyCount "109"]
[EventDate "2019.12.05"]
[EventType "swiss"]
[EventCountry "EST"]
[SourceTitle "playchess.com"]
[Source "ChessBase"]
[SourceQuality "1"]

{[%evp 13,109,12,23,-3,0,-15,-18,-25,-34,-20,0,0,6,9,15,-3,0,0,0,0,0,0,0,0,0,0,0,0,0,0,0,0,0,-6,0,-21,-2,-1,-4,-3,-1,-94,-93,-95,-86,-96,-77,-87,-81,-108,-83,-88,-83,-109,-106,-108,-72,-88,-88,-90,-86,-82,0,0,0,-16,-20,-64,0,0,0,0,0,0,0,0,0,-37,0,0,0,0,0,0,0,0,0,-5,-5,-5,-5,-12,-4,-4,-4,-14,0,-12]} 1. e4 c6 2. d4 d5 3. exd5 cxd5 4. c4 Nf6 5. Nc3 g6 6. cxd5 Bg7 7. Qb3 O-O 8. Bc4 {B14: Caro-Kann: Panov-Botvinnik Attack with 5...e6 and 5...g6} (8. Be2 Nbd7 9. Bf3 Nb6 10. Nge2 a5 11. O-O a4 12. Qb5 Bd7 13. Qb4 Bg4 14. Bxg4 Nxg4 15. Qb5 Nf6 16. Nf4 Qd6 17. Re1 Rfc8 18. a3 {1-0 (58) Artemiev,V (2709)-Vitiugov,N (2719) St Petersburg 2018}) 8... Nbd7 9. Nge2 Nb6 10. Nf4 Nxc4 $146 ({Predecessor:} 10... Bf5 11. Be2 h6 12. h3 g5 13. Nh5 Nxh5 14. Bxh5 Bxd4 15. h4 Bf6 16. hxg5 hxg5 {½-½ (59) Levina,A (2082)-Hoekstra,M (2369) San Diego 2004}) 11. Qxc4 Bf5 12. O-O Ne8 13. Be3 Nd6 14. Qb4 Rc8 15. Rac1 Rc4 16. Qa3 Bxd4 17. Bxd4 Rxd4 18. Nfe2 Rd2 19. Rfd1 Rxd1+ 20. Nxd1 Qb6 21. Ne3 Rc8 22. Rxc8+ Bxc8 23. Qc3 Bd7 24. h4 (24. b3 {seems wilder.} Ne4 25. Qc4 Nf6 26. Nc3 Ne8 27. Qf4) 24... Nb5 25. Qb4 Qd6 26. Qe4 Qf6 27. h5 (27. Nc3 $11) 27... Nd6 $36 {[%mdl 2048] White is under strong pressure.} 28. Qc2 gxh5 29. Qc7 Bg4 ({Reject} 29... Qxb2 $6 30. Ng3 $11) 30. Ng3 Qe5 31. b3 a6 32. a4 Kf8 33. Qb8+ Kg7 34. Qc7 Bc8 35. Nc4 Nxc4 36. Qxc4 Bg4 37. Kh2 f5 (37... Kf8 $17) 38. f4 $11 Qf6 39. Qd3 h4 40. Ne2 Bxe2 ({Better is} 40... Qd6 $15 41. Qd4+ Kg8) 41. Qxe2 $15 {[%mdl 4096] Endgame KQ-KQ} Qd6 42. Qf3 Qb4 43. Qe3 {[#]} Qe4 $1 44. Qc3+ Kf7 45. Qd2 h6 46. Kh3 {The position is equal.} Qb1 {[%cal Rb1h1]} 47. Kxh4 Qxb3 48. d6 {[#] d7 is the strong threat.} exd6 49. Qxd6 Qe6 50. Qd2 (50. Qb8 {with more complications.} b6 51. Kh3 Kg6 52. Qb7 a5 53. Qf3) 50... b5 51. axb5 axb5 52. Kh3 Qc6 53. Kh2 Kg6 54. g3 Qc7 55. Qd4 {[%mdl 32768] Accuracy: White = 55%, Black = 59%. . Loss on time!?} 0-1

[Event "EIRCC 2019"]
[Site "Tallinn"]
[Date "2019.12.06"]
[Round "11.31"]
[White "Martynov, Roman"]
[Black "Loginov, Valery A"]
[Result "1/2-1/2"]
[WhiteElo "2269"]
[BlackElo "2461"]
[Annotator "ChessBase"]
[PlyCount "95"]
[EventDate "2019.12.05"]
[EventType "swiss"]
[EventCountry "EST"]
[SourceTitle "playchess.com"]
[Source "ChessBase"]
[SourceQuality "1"]
[TimeControl "900+10"]

1. d4 {[%emt 0:00:00]} Nf6 {[%emt 0:00:00]} 2. Nf3 {[%emt 0:00:00]} d5 {[%emt 0:00:00]} 3. c4 {[%emt 0:00:00]} e6 {[%emt 0:00:02]} 4. g3 {[%emt 0:00:20]} dxc4 {[%emt 0:00:25]} 5. Bg2 {[%emt 0:00:02]} c5 {[%emt 0:00:04]} 6. O-O {[%emt 0:01:00]} Nc6 {[%emt 0:00:02]} 7. Qa4 {[%emt 0:01:23]} Bd7 {[%emt 0:00:08]} 8. dxc5 {[%emt 0:01:17]} Na5 {[%emt 0:01:14]} 9. Qc2 {[%emt 0:00:12]} Bxc5 {[%emt 0:00:21]} 10. Ne5 {[%emt 0:00:02]} Bb5 {[%emt 0:00:48]} 11. b4 {[%emt 0:03:07]} Bd4 {[%emt 0:00:23]} 12. Rd1 {[%emt 0:02:39]} Bxa1 {[%emt 0:00:23]} 13. Rxd8+ {[%emt 0:01:04]} Rxd8 {[%emt 0:00:02]} 14. Bb2 {[%emt 0:03:10]} Bxb2 {[%emt 0:00:11]} 15. Qxb2 {[%emt 0:00:01]} Nc6 {[%emt 0:00:40]} 16. Nc3 {[%emt 0:00:12]} Nxe5 {[%emt 0:00:45]} 17. Nxb5 {[%emt 0:00:01]} Rd1+ {[%emt 0:00:16]} 18. Bf1 {[%emt 0:00:00]} Nc6 {[%emt 0:00:03]} 19. Qc2 {[%emt 0:00:12]} Rd7 {[%emt 0:00:18]} 20. Qxc4 {[%emt 0:00:38]} O-O {[%emt 0:00:04]} 21. a3 {[%emt 0:00:03]} Rfd8 {[%emt 0:01:01]} 22. f3 {[%emt 0:01:04]} Rd1 {[%emt 0:00:37]} 23. Kf2 {[%emt 0:00:15]} Nd5 {[%emt 0:00:26]} 24. Qb3 {[%emt 0:00:41]} Rd2 {[%emt 0:01:37]} 25. Ke1 {[%emt 0:00:44]} Nb6 {[%emt 0:00:38]} 26. Nc3 {[%emt 0:00:12]} Nd4 {[%emt 0:01:37]} 27. Qb1 {[%emt 0:00:01]} Nc2+ {[%emt 0:00:54]} 28. Kf2 {[%emt 0:00:00]} Nxa3 {[%emt 0:00:09]} 29. Qa1 {[%emt 0:00:04]} Nbc4 {[%emt 0:00:14]} 30. Ne4 {[%emt 0:00:01]} Rc2 {[%emt 0:01:11]} 31. h4 {[%emt 0:00:20]} h6 32. g4 a6 {[%emt 0:01:29]} 33. g5 {[%emt 0:00:01]} hxg5 {[%emt 0:00:10]} 34. hxg5 {[%emt 0:00:01]} Nb5 {[%emt 0:00:11]} 35. g6 {[%emt 0:00:32]} fxg6 {[%emt 0:01:36]} 36. Nc5 {[%emt 0:00:28]} Nc3 {[%emt 0:00:18]} 37. Nxb7 {[%emt 0:00:16]} Rd1 {[%emt 0:00:24]} 38. Qxa6 {[%emt 0:00:11]} Rxf1+ {[%emt 0:00:21]} 39. Kxf1 {[%emt 0:00:01]} Ne3+ {[%emt 0:00:02]} 40. Kg1 {[%emt 0:00:30]} Nxe2+ {[%emt 0:00:07]} 41. Kf2 {[%emt 0:00:11]} Nf5 {[%emt 0:00:08]} 42. Qxe6+ {[%emt 0:00:06]} Kh7 {[%emt 0:00:01]} 43. Qxe2 {[%emt 0:00:24]} Rxe2+ {[%emt 0:00:03]} 44. Kxe2 {[%emt 0:00:01]} Kh6 {[%emt 0:00:22]} 45. Nc5 {[%emt 0:00:22]} Kg5 {[%emt 0:00:24]} 46. Kf2 {[%emt 0:00:25]} Nd4 {[%emt 0:00:13]} 47. Ne4+ {[%emt 0:00:14]} Kf4 {[%emt 0:00:06]} 48. Nc5 {[%emt 0:00:10]} 1/2-1/2

[Event "EIRCC 2019"]
[Site "Tallinn"]
[Date "2019.12.06"]
[Round "11.32"]
[White "Cerveny, Martin"]
[Black "Kanep, Siim"]
[Result "1-0"]
[WhiteElo "2432"]
[BlackElo "2260"]
[Annotator "NA"]
[PlyCount "67"]
[EventDate "2019.12.05"]
[EventType "swiss"]
[EventCountry "EST"]
[SourceTitle "playchess.com"]
[Source "ChessBase"]
[SourceQuality "1"]
[TimeControl "900+10"]

1. d4 {[%emt 0:00:00]} Nf6 {[%emt 0:00:00]} 2. Nf3 {[%emt 0:00:00]} d5 {[%emt 0:00:00]} 3. c4 {[%emt 0:00:00]} c6 {[%emt 0:00:00]} 4. e3 {[%emt 0:00:00]} Bf5 {[%emt 0:00:00]} 5. cxd5 {[%emt 0:00:00]} cxd5 {[%emt 0:00:02]} 6. Qb3 {[%emt 0:00:01]} Bc8 {[%emt 0:00:03]} 7. Nc3 {[%emt 0:00:15]} g6 {[%emt 0:00:23]} 8. Bb5+ {[%emt 0:00:16]} Nc6 {[%emt 0:00:48]} 9. Ne5 {[%emt 0:00:18]} Qd6 {[%emt 0:00:04]} 10. e4 {[%emt 0:01:40]} e6 {[%emt 0:03:53]} 11. Bf4 {[%emt 0:00:22]} Nh5 {[%emt 0:00:52]} 12. Be3 {[%emt 0:01:03]} Bg7 {[%emt 0:01:58]} 13. Nxc6 {[%emt 0:02:41]} bxc6 {[%emt 0:00:06]} 14. e5 {[%emt 0:00:01]} Qd7 {[%emt 0:01:33]} 15. Be2 {[%emt 0:00:02]} Bf8 {[%emt 0:00:14]} 16. Na4 {[%emt 0:00:36]} Ng7 {[%emt 0:01:35]} 17. Qc3 {[%emt 0:01:06]} Rb8 {[%emt 0:00:10]} 18. a3 {[%emt 0:00:02]} Nf5 {[%emt 0:00:07]} 19. Bg5 {[%emt 0:00:04]} Be7 {[%emt 0:00:36]} 20. f4 {[%emt 0:01:21]} Bxg5 {[%emt 0:00:16]} 21. fxg5 {[%emt 0:00:02]} O-O {[%emt 0:00:19]} 22. g4 {[%emt 0:00:03]} Ng7 {[%emt 0:00:30]} 23. Nc5 {[%emt 0:00:02]} Qe7 {[%emt 0:00:01]} 24. h4 {[%emt 0:00:07]} Ne8 {[%emt 0:00:03]} 25. O-O-O {[%emt 0:01:00]} Nc7 {[%emt 0:00:03]} 26. Rdf1 {[%emt 0:00:03]} Rb6 {[%emt 0:00:09]} 27. Rf6 {[%emt 0:00:12]} Bd7 {[%emt 0:00:58]} 28. h5 {[%emt 0:00:21]} Rfb8 {[%emt 0:00:20]} 29. b3 {[%emt 0:00:46]} Ne8 {[%emt 0:01:06]} 30. Rhf1 {[%emt 0:00:40]} Nxf6 {[%emt 0:00:35]} 31. gxf6 {[%emt 0:00:04]} Qf8 {[%emt 0:01:29]} 32. g5 {[%emt 0:00:02]} Bc8 {[%emt 0:00:13]} 33. hxg6 {[%emt 0:00:03]} fxg6 {[%emt 0:00:08]} 34. f7+ {[%emt 0:00:20]} 1-0

[Event "EIRCC 2019"]
[Site "Tallinn"]
[Date "2019.12.06"]
[Round "11.33"]
[White "Mohr, Georg"]
[Black "Nestor, Kaarel"]
[Result "1-0"]
[WhiteElo "2424"]
[BlackElo "2255"]
[Annotator "NA"]
[PlyCount "131"]
[EventDate "2019.12.05"]
[EventType "swiss"]
[EventCountry "EST"]
[SourceTitle "playchess.com"]
[Source "ChessBase"]
[SourceQuality "1"]
[TimeControl "900+10"]

1. c4 {[%emt 0:00:00]} Nf6 {[%emt 0:00:00]} 2. Nc3 {[%emt 0:00:00]} e5 {[%emt 0:00:05]} 3. Nf3 {[%emt 0:00:00]} d6 {[%emt 0:00:03]} 4. g3 {[%emt 0:00:11]} g6 {[%emt 0:00:01]} 5. Bg2 {[%emt 0:00:04]} Bg7 {[%emt 0:00:01]} 6. O-O {[%emt 0:00:02]} O-O {[%emt 0:00:02]} 7. d3 {[%emt 0:00:05]} Nc6 {[%emt 0:00:13]} 8. Rb1 {[%emt 0:00:05]} Be6 {[%emt 0:00:17]} 9. b4 {[%emt 0:00:43]} Qc8 {[%emt 0:00:09]} 10. b5 {[%emt 0:00:07]} Nd4 {[%emt 0:00:36]} 11. Ng5 {[%emt 0:02:53]} Bd7 {[%emt 0:00:01]} 12. e3 {[%emt 0:00:04]} Ne6 {[%emt 0:00:03]} 13. Nf3 {[%emt 0:00:06]} c6 {[%emt 0:02:23]} 14. bxc6 {[%emt 0:00:18]} Bxc6 {[%emt 0:00:02]} 15. Ba3 {[%emt 0:00:20]} Rd8 {[%emt 0:00:02]} 16. e4 {[%emt 0:00:15]} b6 {[%emt 0:01:25]} 17. Nd5 {[%emt 0:00:35]} Bxd5 {[%emt 0:00:18]} 18. exd5 {[%emt 0:00:04]} Nc5 {[%emt 0:00:02]} 19. d4 {[%emt 0:00:17]} exd4 {[%emt 0:00:12]} 20. Nxd4 {[%emt 0:00:02]} Qa6 {[%emt 0:00:01]} 21. Nb5 {[%emt 0:00:56]} Rab8 {[%emt 0:00:35]} 22. Qc2 {[%emt 0:00:30]} Ne8 {[%emt 0:02:10]} 23. Bc1 {[%emt 0:00:29]} Qb7 {[%emt 0:00:20]} 24. Be3 {[%emt 0:00:04]} Qd7 {[%emt 0:01:10]} 25. Nd4 {[%emt 0:00:24]} Bxd4 {[%emt 0:01:23]} 26. Bxd4 {[%emt 0:00:02]} Rbc8 {[%emt 0:00:01]} 27. Ba1 {[%emt 0:00:16]} Rc7 {[%emt 0:00:10]} 28. Rfe1 {[%emt 0:00:06]} f6 {[%emt 0:00:11]} 29. h4 {[%emt 0:00:05]} Qf7 {[%emt 0:00:16]} 30. Qc3 {[%emt 0:00:35]} Qg7 {[%emt 0:01:30]} 31. h5 {[%emt 0:01:08]} Nd7 {[%emt 0:00:21]} 32. Bh3 {[%emt 0:00:42]} Ne5 {[%emt 0:00:06]} 33. Be6+ {[%emt 0:00:04]} Kf8 {[%emt 0:00:02]} 34. Re4 {[%emt 0:00:36]} f5 {[%emt 0:00:35]} 35. Rxe5 {[%emt 0:01:11]} dxe5 {[%emt 0:00:03]} 36. hxg6 {[%emt 0:00:29]} hxg6 {[%emt 0:00:03]} 37. Qe3 {[%emt 0:00:14]} Rxc4 {[%emt 0:00:33]} 38. Bxe5 {[%emt 0:00:04]} Nf6 {[%emt 0:00:24]} 39. Qg5 {[%emt 0:00:43]} Ke7 {[%emt 0:00:00]} 40. Bxf5 {[%emt 0:00:40]} Rxd5 {[%emt 0:00:21]} 41. Bxf6+ {[%emt 0:00:38]} Qxf6 {[%emt 0:00:02]} 42. Re1+ {[%emt 0:00:02]} Kf7 {[%emt 0:00:00]} 43. Bxg6+ {[%emt 0:00:03]} Qxg6 {[%emt 0:00:45]} 44. Re7+ {[%emt 0:00:29]} Kf8 {[%emt 0:00:02]} 45. Qxg6 {[%emt 0:00:03]} Kxe7 {[%emt 0:00:01]} 46. Qg7+ {[%emt 0:00:07]} Kd6 {[%emt 0:00:00]} 47. Qxa7 {[%emt 0:00:01]} Rc6 {[%emt 0:00:16]} 48. Qb8+ {[%emt 0:00:08]} Kc5 {[%emt 0:00:01]} 49. Qf8+ {[%emt 0:00:09]} Kb5 {[%emt 0:00:03]} 50. Kg2 {[%emt 0:00:12]} Rdc5 {[%emt 0:00:08]} 51. g4 {[%emt 0:00:05]} Rc4 {[%emt 0:00:10]} 52. Kg3 {[%emt 0:00:23]} R6c5 {[%emt 0:00:01]} 53. f3 {[%emt 0:00:25]} Ka4 {[%emt 0:00:06]} 54. Qd6 {[%emt 0:00:25]} b5 {[%emt 0:00:02]} 55. Qd1+ {[%emt 0:00:12]} Rc2 {[%emt 0:00:06]} 56. Qb1 {[%emt 0:01:32]} b4 {[%emt 0:00:07]} 57. f4 {[%emt 0:00:38]} R5c3+ {[%emt 0:00:14]} 58. Kh4 {[%emt 0:00:02]} Ka3 {[%emt 0:00:02]} 59. f5 {[%emt 0:00:07]} Rxa2 {[%emt 0:00:02]} 60. f6 {[%emt 0:00:06]} b3 {[%emt 0:00:02]} 61. Qf5 {[%emt 0:00:32]} Rh2+ {[%emt 0:00:18]} 62. Kg5 {[%emt 0:00:02]} b2 {[%emt 0:00:17]} 63. f7 {[%emt 0:00:13]} Rf2 {[%emt 0:00:37]} 64. f8=Q+ {[%emt 0:00:06]} Kb3 {[%emt 0:00:06]} 65. Qb5+ {[%emt 0:00:11]} Ka2 {[%emt 0:00:05]} 66. Qxf2 1-0